000 00315pab a2200133 454500
008 180718b xxu||||| |||| 00| 0 eng d
100 _aDhanagare D.N.
245 _aThree constructs of Hinduism
362 _a(411), Nov 93, p.23-26
650 _a Hinduism
650 _aReligion
773 _aSeminar
909 _a25574
999 _c25574
_d25574